[Event "European Chess Club Cup 2023"]
[Site "Durres, Albania"]
[Date "2023.10.06"]
[Round "6.48"]
[White "Jacques, Robert"]
[Black "Stukenbrok, Nils"]
[Result "1-0"]
[TimeControl "90' + 30' & 30\""]
[WhiteElo "2041"]
[BlackElo "2064"]

1. Nf3 {[%clk 01:30:36]} {[%emt 00:00:23]} Nf6 {[%clk 01:30:51]} {[%emt
00:00:09]} 2. d3 {[%clk 01:30:22]} {[%emt 00:00:44]} d5 {[%clk 01:29:41]}
{[%emt 00:01:41]} 3. Nbd2 {[%clk 01:29:10]} {[%emt 00:01:41]} c5 {[%clk
01:29:20]} {[%emt 00:00:51]} 4. e4 {[%clk 01:29:09]} {[%emt 00:00:30]} e6
{[%clk 01:29:15]} {[%emt 00:00:36]} 5. g3 {[%clk 01:29:26]} {[%emt 00:00:13]}
Nc6 {[%clk 01:29:21]} {[%emt 00:00:24]} 6. Bg2 {[%clk 01:28:34]} {[%emt
00:01:22]} Be7 {[%clk 01:29:08]} {[%emt 00:00:43]} 7. O-O {[%clk 01:28:16]}
{[%emt 00:00:48]} b6 {[%clk 01:27:35]} {[%emt 00:02:03]} 8. Re1 {[%clk
01:26:04]} {[%emt 00:02:41]} Bb7 {[%clk 01:26:43]} {[%emt 00:01:22]} 9. e5
{[%clk 01:24:24]} {[%emt 00:02:11]} Nd7 {[%clk 01:27:07]} {[%emt 00:00:06]} 10.
c3 {[%clk 01:24:48]} {[%emt 00:00:05]} Qc7 {[%clk 01:25:56]} {[%emt 00:01:42]}
11. Qe2 {[%clk 01:20:49]} {[%emt 00:04:29]} g5 {[%clk 01:20:45]} {[%emt
00:05:40]} 12. g4 {[%clk 01:20:22]} {[%emt 00:00:57]} O-O-O {[%clk 01:20:06]}
{[%emt 00:01:10]} 13. Nf1 {[%clk 01:17:52]} {[%emt 00:03:00]} Rdg8 {[%clk
00:55:52]} {[%emt 00:24:44]} 14. a3 {[%clk 01:04:32]} {[%emt 00:13:51]} h5
{[%clk 00:55:32]} {[%emt 00:00:50]} 15. h3 {[%clk 01:04:56]} {[%emt 00:00:05]}
hxg4 {[%clk 00:53:36]} {[%emt 00:02:26]} 16. hxg4 {[%clk 01:05:15]} {[%emt
00:00:11]} Rh6 {[%clk 00:36:19]} {[%emt 00:17:49]} 17. d4 {[%clk 00:56:51]}
{[%emt 00:08:53]} Na5 {[%clk 00:24:22]} {[%emt 00:12:27]} 18. dxc5 {[%clk
00:52:03]} {[%emt 00:05:18]} bxc5 {[%clk 00:24:48]} {[%emt 00:00:04]} 19. N1d2
{[%clk 00:50:54]} {[%emt 00:01:39]} c4 {[%clk 00:24:37]} {[%emt 00:00:42]} 20.
Rb1 {[%clk 00:47:12]} {[%emt 00:04:10]} Nc5 {[%clk 00:23:37]} {[%emt 00:01:30]}
21. Nd4 {[%clk 00:44:44]} {[%emt 00:02:58]} Nd3 {[%clk 00:22:23]} {[%emt
00:01:45]} 22. b4 {[%clk 00:41:26]} {[%emt 00:03:48]} Nxe1 {[%clk 00:22:12]}
{[%emt 00:00:41]} 23. Qxe1 {[%clk 00:41:47]} {[%emt 00:00:08]} Nc6 {[%clk
00:22:20]} {[%emt 00:00:22]} 24. N2f3 {[%clk 00:41:59]} {[%emt 00:00:18]} Nxd4
{[%clk 00:18:01]} {[%emt 00:04:50]} 25. Nxd4 {[%clk 00:34:35]} {[%emt
00:07:54]} Rh4 {[%clk 00:14:35]} {[%emt 00:03:57]} 26. Qe2 {[%clk 00:30:21]}
{[%emt 00:04:42]} Kd7 {[%clk 00:14:06]} {[%emt 00:00:59]} 27. Bd2 {[%clk
00:30:19]} {[%emt 00:00:32]} Rgh8 {[%clk 00:12:07]} {[%emt 00:02:30]} 28. Re1
{[%clk 00:23:26]} {[%emt 00:07:22]} f6 {[%clk 00:09:10]} {[%emt 00:03:27]} 29.
f4 {[%clk 00:18:11]} {[%emt 00:05:46]} fxe5 {[%clk 00:08:36]} {[%emt 00:01:04]}
30. fxe5 {[%clk 00:18:33]} {[%emt 00:00:07]} Rf8 {[%clk 00:08:22]} {[%emt
00:00:45]} 31. Bf3 {[%clk 00:15:00]} {[%emt 00:04:03]} Rh7 {[%clk 00:06:42]}
{[%emt 00:02:10]} 32. Rf1 {[%clk 00:14:47]} {[%emt 00:00:43]} Rhf7 {[%clk
00:06:04]} {[%emt 00:01:08]} 33. Be1 {[%clk 00:15:00]} {[%emt 00:00:17]} a5
{[%clk 00:06:04]} {[%emt 00:00:30]} 34. Bg3 {[%clk 00:15:14]} {[%emt 00:00:16]}
axb4 {[%clk 00:06:08]} {[%emt 00:00:26]} 35. axb4 {[%clk 00:15:36]} {[%emt
00:00:08]} Ra8 {[%clk 00:06:12]} {[%emt 00:00:26]} 36. Qc2 {[%clk 00:15:42]}
{[%emt 00:00:24]} Rg8 {[%clk 00:03:26]} {[%emt 00:03:16]} 37. Qa4+ {[%clk
00:15:39]} {[%emt 00:00:32]} Kc8 {[%emt 00:00:50]} 38. Nxe6 {[%clk 00:10:14]}
{[%emt 00:05:39]} Qd7 {[%clk 00:03:02]} {[%emt 00:00:51]} 39. Qxd7+ {[%clk
00:09:05]} {[%emt 00:01:39]} Kxd7 {[%clk 00:03:26]} {[%emt 00:00:06]} 40. Nd4
{[%clk 00:09:27]} {[%emt 00:00:08]} Rff8 {[%clk 00:01:43]} {[%emt 00:02:14]} 41.
e6+ {[%clk 00:07:55]} {[%emt 00:02:01]} Kc8 {[%clk 00:27:14]} {[%emt 00:04:59]}
42. Nf5 {[%clk 00:37:59]} {[%emt 00:00:27]} Re8 {[%clk 00:18:56]} {[%emt
00:08:48]} 43. Re1 {[%clk 00:29:01]} {[%emt 00:09:27]} Rg6 {[%clk 00:15:25]}
{[%emt 00:04:01]} 44. Kf2 {[%clk 00:24:58]} {[%emt 00:04:33]} Kd8 {[%clk
00:14:44]} {[%emt 00:01:12]} 45. Nd4 {[%clk 00:22:25]} {[%emt 00:03:02]} Bf8
{[%clk 00:12:52]} {[%emt 00:02:22]} 46. Rh1 {[%clk 00:13:33]} {[%emt 00:09:22]}
Bg7 {[%clk 00:07:46]} {[%emt 00:05:36]} 47. Rh7 {[%clk 00:10:03]} {[%emt
00:04:00]} Rh8 {[%clk 00:08:07]} {[%emt 00:00:10]} 48. Rxg7 {[%clk 00:09:17]}
{[%emt 00:01:16]} Rxg7 {[%clk 00:08:32]} {[%emt 00:00:05]} 49. Be5 {[%clk
00:09:36]} {[%emt 00:00:10]} Rgh7 {[%clk 00:08:26]} {[%emt 00:00:36]} 50. Bf6+
{[%clk 00:08:35]} {[%emt 00:01:32]} Kc7 {[%clk 00:06:57]} {[%emt 00:01:59]} 51.
Bxg5 {[%clk 00:08:12]} {[%emt 00:00:52]} Re8 {[%clk 00:04:16]} {[%emt
00:03:11]} 52. Bf4+ {[%clk 00:06:53]} {[%emt 00:01:48]} Kb6 {[%clk 00:03:09]}
{[%emt 00:01:38]} 53. g5 {[%clk 00:04:25]} {[%emt 00:02:58]} Rhe7 {[%clk
00:01:58]} {[%emt 00:01:42]} 54. Be5 {[%clk 00:01:17]} {[%emt 00:03:37]} Rxe6
{[%clk 00:01:02]} {[%emt 00:01:27]} 55. Nxe6 {[%clk 00:01:38]} {[%emt
00:00:09]} Rxe6 {[%clk 00:01:25]} {[%emt 00:00:07]} 56. Bd4+ {[%clk 00:01:59]}
{[%emt 00:00:09]} Kc7 {[%clk 00:01:17]} {[%emt 00:00:38]} 57. Bh5 {[%clk
00:02:19]} {[%emt 00:00:09]} Bc6 {[%clk 00:00:48]} {[%emt 00:00:59]} 58. g6
{[%clk 00:02:29]} {[%emt 00:00:20]} Re8 {[%clk 00:00:37]} {[%emt 00:00:41]} 59.
g7 {[%clk 00:02:50]} {[%emt 00:00:09]} Ra8 {[%clk 00:00:33]} {[%emt 00:00:34]}
60. Bf7 {[%clk 00:02:58]} {[%emt 00:00:22]} Kd7 {[%emt 00:01:16]} 1-0

[Event "European Chess Club Cup 2023"]
[Site "Durres, Albania"]
[Date "2023.10.06"]
[Round "6.49"]
[White "Vocaturo, Daniele"]
[Black "Dardha, Daniel"]
[Result "1/2-1/2"]
[TimeControl "90' + 30' & 30\""]
[WhiteElo "2625"]
[BlackElo "2580"]

1. e4 {[%clk 01:30:03]} {[%emt 00:00:56]} e5 {[%clk 01:30:49]} {[%emt
00:00:12]} 2. Nf3 {[%clk 01:29:56]} {[%emt 00:00:36]} Nc6 {[%clk 01:31:12]}
{[%emt 00:00:07]} 3. Bb5 {[%clk 01:29:51]} {[%emt 00:00:35]} Nf6 {[%clk
01:30:58]} {[%emt 00:00:44]} 4. d3 {[%clk 01:28:48]} {[%emt 00:01:32]} Bc5
{[%clk 01:31:12]} {[%emt 00:00:17]} 5. Nbd2 {[%clk 01:27:13]} {[%emt 00:02:06]}
O-O {[%clk 01:28:26]} {[%emt 00:03:16]} 6. Nb3 {[%clk 01:25:45]} {[%emt
00:01:57]} Bb6 {[%clk 01:20:55]} {[%emt 00:08:01]} 7. Bxc6 {[%clk 01:23:38]}
{[%emt 00:02:37]} bxc6 {[%clk 01:18:44]} {[%emt 00:02:42]} 8. Nxe5 {[%clk
01:22:01]} {[%emt 00:02:07]} d5 {[%clk 01:18:25]} {[%emt 00:00:49]} 9. O-O
{[%clk 01:21:11]} {[%emt 00:01:19]} dxe4 {[%clk 01:17:44]} {[%emt 00:01:11]} 10.
a4 {[%clk 01:20:28]} {[%emt 00:01:14]} Qe8 {[%clk 01:13:21]} {[%emt 00:04:52]}
11. d4 {[%clk 01:05:18]} {[%emt 00:15:40]} a5 {[%clk 01:10:32]} {[%emt
00:03:20]} 12. Re1 {[%clk 01:04:05]} {[%emt 00:01:42]} c5 {[%clk 00:54:22]}
{[%emt 00:16:40]} 13. dxc5 {[%clk 00:58:06]} {[%emt 00:06:29]} Qxe5 {[%clk
00:50:39]} {[%emt 00:04:13]} 14. cxb6 {[%clk 00:58:23]} {[%emt 00:00:13]} cxb6
{[%clk 00:50:50]} {[%emt 00:00:19]} 15. Qd2 {[%clk 00:53:05]} {[%emt 00:05:49]}
Be6 {[%clk 00:34:20]} {[%emt 00:16:59]} 16. Qg5 {[%clk 00:43:38]} {[%emt
00:09:57]} Qxg5 {[%clk 00:29:48]} {[%emt 00:05:02]} 17. Bxg5 {[%clk 00:44:03]}
{[%emt 00:00:05]} Bxb3 {[%clk 00:29:41]} {[%emt 00:00:37]} 18. cxb3 {[%clk
00:44:25]} {[%emt 00:00:09]} Rfe8 {[%clk 00:26:53]} {[%emt 00:03:17]} 19. Rad1
{[%clk 00:40:20]} {[%emt 00:04:35]} Rac8 {[%clk 00:25:55]} {[%emt 00:01:29]} 20.
Kf1 {[%clk 00:35:53]} {[%emt 00:04:56]} h6 {[%clk 00:25:07]} {[%emt 00:01:19]}
21. Bxf6 {[%clk 00:35:28]} {[%emt 00:00:55]} gxf6 {[%clk 00:25:31]} {[%emt
00:00:05]} 22. Rd6 {[%clk 00:30:54]} {[%emt 00:05:04]} Kg7 {[%clk 00:22:20]}
{[%emt 00:03:42]} 23. g4 {[%clk 00:30:29]} {[%emt 00:00:55]} h5 {[%clk
00:17:53]} {[%emt 00:04:57]} 24. gxh5 {[%clk 00:30:11]} {[%emt 00:00:48]} Rc2
{[%clk 00:16:41]} {[%emt 00:01:42]} 25. h6+ {[%clk 00:27:13]} {[%emt 00:03:28]}
Kxh6 {[%clk 00:13:04]} {[%emt 00:04:07]} 26. Rxf6+ {[%clk 00:26:12]} {[%emt
00:01:31]} Kg7 {[%clk 00:12:13]} {[%emt 00:01:20]} 27. Rxb6 {[%clk 00:25:34]}
{[%emt 00:01:09]} Rxb2 {[%clk 00:12:18]} {[%emt 00:00:25]} 28. Re3 {[%clk
00:24:21]} {[%emt 00:01:42]} f5 {[%clk 00:09:44]} {[%emt 00:03:05]} 29. Rg3+
{[%clk 00:15:59]} {[%emt 00:08:52]} Kf7 {[%clk 00:10:05]} {[%emt 00:00:09]} 30.
Rgg6 {[%clk 00:15:41]} {[%emt 00:00:48]} Rc8 {[%clk 00:05:47]} {[%emt
00:04:48]} 31. Rgf6+ {[%clk 00:14:27]} {[%emt 00:01:44]} Kg7 {[%clk 00:06:05]}
{[%emt 00:00:12]} 32. Rxf5 {[%clk 00:11:06]} {[%emt 00:03:51]} e3 {[%clk
00:06:28]} {[%emt 00:00:07]} 33. Re6 {[%clk 00:10:11]} {[%emt 00:01:24]} Rc1+
{[%clk 00:04:38]} {[%emt 00:02:21]} 34. Kg2 {[%clk 00:10:35]} {[%emt 00:00:06]}
Re1 {[%clk 00:03:40]} {[%emt 00:01:28]} 35. Re4 {[%clk 00:03:57]} {[%emt
00:07:08]} exf2 {[%clk 00:01:07]} {[%emt 00:03:04]} 36. Rg4+ {[%clk 00:04:18]}
{[%emt 00:00:09]} Kh6 {[%clk 00:01:35]} {[%emt 00:00:01]} 37. Rxf2 {[%clk
00:04:32]} {[%emt 00:00:16]} Rxb3 {[%emt 00:00:10]} 38. Rgf4 {[%clk 00:03:28]}
{[%emt 00:01:32]} Ra1 {[%clk 00:01:38]} {[%emt 00:00:48]} 39. Rc4 {[%clk
00:02:15]} {[%emt 00:01:44]} Rb4 {[%clk 00:01:14]} {[%emt 00:00:54]} 40. Rc6+
{[%clk 00:02:35]} {[%emt 00:00:10]} Kg5 {[%clk 00:00:47]} {[%emt 00:00:56]} 41.
Rc5+ {[%clk 00:01:57]} {[%emt 00:01:10]} 1/2-1/2

[Event "European Chess Club Cup 2023"]
[Site "Durres, Albania"]
[Date "2023.10.06"]
[Round "6.50"]
[White "Lagarde, Maxime"]
[Black "Dvirnyy, Danyyil"]
[Result "1/2-1/2"]
[TimeControl "90' + 30' & 30\""]
[WhiteElo "2626"]
[BlackElo "2500"]

1. c4 {[%clk 01:30:56]} {[%emt 00:00:03]} e6 {[%clk 01:29:53]} {[%emt
00:01:08]} 2. Nc3 {[%clk 01:31:05]} {[%emt 00:00:21]} d5 {[%clk 01:30:13]}
{[%emt 00:00:09]} 3. d4 {[%clk 01:31:31]} {[%emt 00:00:04]} Nf6 {[%clk
01:30:18]} {[%emt 00:00:25]} 4. cxd5 {[%clk 01:31:56]} {[%emt 00:00:05]} exd5
{[%clk 01:30:39]} {[%emt 00:00:09]} 5. Bg5 {[%clk 01:32:22]} {[%emt 00:00:05]}
c6 {[%clk 01:25:22]} {[%emt 00:05:47]} 6. e3 {[%clk 01:27:35]} {[%emt
00:05:17]} Bf5 {[%clk 01:22:45]} {[%emt 00:03:07]} 7. Qf3 {[%clk 01:27:54]}
{[%emt 00:00:10]} Bg6 {[%clk 01:23:09]} {[%emt 00:00:06]} 8. Bxf6 {[%clk
01:28:20]} {[%emt 00:00:05]} Qxf6 {[%clk 01:23:34]} {[%emt 00:00:05]} 9. Qxf6
{[%clk 01:28:46]} {[%emt 00:00:04]} gxf6 {[%clk 01:24:00]} {[%emt 00:00:03]} 10.
Kd2 {[%clk 01:24:50]} {[%emt 00:04:27]} Nd7 {[%clk 01:19:02]} {[%emt 00:05:28]}
11. Nf3 {[%clk 01:17:21]} {[%emt 00:07:58]} Nb6 {[%clk 01:18:38]} {[%emt
00:00:54]} 12. b3 {[%clk 01:14:43]} {[%emt 00:03:08]} Nc8 {[%clk 01:13:57]}
{[%emt 00:05:11]} 13. Nh4 {[%clk 01:13:31]} {[%emt 00:01:42]} Nd6 {[%clk
01:13:21]} {[%emt 00:01:06]} 14. Bd3 {[%clk 01:12:00]} {[%emt 00:02:01]} f5
{[%clk 01:08:27]} {[%emt 00:05:25]} 15. f3 {[%clk 01:11:13]} {[%emt 00:01:17]}
Be7 {[%clk 01:07:19]} {[%emt 00:01:37]} 16. g3 {[%clk 01:11:28]} {[%emt
00:00:15]} Bxh4 {[%clk 01:01:30]} {[%emt 00:06:19]} 17. gxh4 {[%clk 01:11:54]}
{[%emt 00:00:05]} f4 {[%clk 01:01:24]} {[%emt 00:00:36]} 18. e4 {[%clk
00:51:50]} {[%emt 00:20:35]} dxe4 {[%clk 01:00:31]} {[%emt 00:01:21]} 19. fxe4
{[%clk 00:52:14]} {[%emt 00:00:07]} f5 {[%clk 00:59:13]} {[%emt 00:01:49]} 20.
exf5 {[%clk 00:50:10]} {[%emt 00:02:34]} Bxf5 {[%clk 00:59:17]} {[%emt
00:00:25]} 21. Rhf1 {[%clk 00:49:40]} {[%emt 00:01:01]} O-O {[%clk 00:54:36]}
{[%emt 00:05:10]} 22. Rf3 {[%clk 00:46:33]} {[%emt 00:03:37]} Bxd3 {[%clk
00:45:22]} {[%emt 00:09:44]} 23. Kxd3 {[%clk 00:46:57]} {[%emt 00:00:05]} Rae8
{[%clk 00:40:16]} {[%emt 00:05:36]} 24. Rg1+ {[%clk 00:45:37]} {[%emt
00:01:50]} Kh8 {[%clk 00:39:17]} {[%emt 00:01:30]} 25. Rgf1 {[%clk 00:43:35]}
{[%emt 00:02:32]} Kg7 {[%clk 00:36:44]} {[%emt 00:03:03]} 26. Rxf4 {[%clk
00:39:55]} {[%emt 00:04:11]} Rxf4 {[%clk 00:37:03]} {[%emt 00:00:11]} 27. Rxf4
{[%clk 00:40:22]} {[%emt 00:00:03]} Re1 {[%clk 00:37:16]} {[%emt 00:00:16]} 28.
d5 {[%clk 00:36:03]} {[%emt 00:04:49]} cxd5 {[%clk 00:29:39]} {[%emt 00:08:06]}
29. Rd4 {[%clk 00:36:11]} {[%emt 00:00:22]} Kf6 {[%clk 00:29:21]} {[%emt
00:00:47]} 30. Rxd5 {[%clk 00:34:24]} {[%emt 00:02:18]} Nf7 {[%clk 00:28:25]}
{[%emt 00:01:26]} 31. Kd4 {[%clk 00:26:46]} {[%emt 00:08:08]} Ke6 {[%clk
00:23:05]} {[%emt 00:05:49]} 32. Ra5 {[%clk 00:23:08]} {[%emt 00:04:08]} Ne5
{[%clk 00:22:29]} {[%emt 00:01:06]} 33. Rc5 {[%clk 00:22:03]} {[%emt 00:01:35]}
Nc6+ {[%clk 00:16:33]} {[%emt 00:06:26]} 34. Kd3 {[%clk 00:22:20]} {[%emt
00:00:14]} Ne5+ {[%clk 00:16:27]} {[%emt 00:00:36]} 35. Kd4 {[%clk 00:22:33]}
{[%emt 00:00:17]} Nc6+ {[%clk 00:16:38]} {[%emt 00:00:19]} 36. Kd3 {[%clk
00:23:00]} {[%emt 00:00:03]} Ne5+ {[%clk 00:16:51]} {[%emt 00:00:17]} 37. Kd4
{[%emt 00:00:19]} 1/2-1/2

[Event "European Chess Club Cup 2023"]
[Site "Durres, Albania"]
[Date "2023.10.06"]
[Round "6.51"]
[White "Carnicelli, Valerio"]
[Black "Droin, Augustin"]
[Result "1/2-1/2"]
[TimeControl "90' + 30' & 30\""]
[WhiteElo "2403"]
[BlackElo "2468"]

1. e4 {[%clk 01:30:58]} {[%emt 00:00:02]} e5 {[%clk 01:30:56]} {[%emt
00:00:05]} 2. Nf3 {[%clk 01:31:23]} {[%emt 00:00:04]} Nc6 {[%clk 01:31:23]}
{[%emt 00:00:04]} 3. Bc4 {[%clk 01:31:37]} {[%emt 00:00:16]} Nf6 {[%clk
01:31:48]} {[%emt 00:00:04]} 4. d3 {[%clk 01:32:04]} {[%emt 00:00:03]} Bc5
{[%clk 01:31:47]} {[%emt 00:00:31]} 5. c3 {[%clk 01:32:29]} {[%emt 00:00:06]}
d6 {[%clk 01:32:09]} {[%emt 00:00:07]} 6. O-O {[%clk 01:32:54]} {[%emt
00:00:06]} h6 {[%clk 01:32:23]} {[%emt 00:00:16]} 7. Re1 {[%clk 01:33:01]}
{[%emt 00:00:22]} a6 {[%clk 01:32:17]} {[%emt 00:00:37]} 8. a4 {[%clk
01:33:19]} {[%emt 00:00:12]} Ba7 {[%clk 01:32:36]} {[%emt 00:00:10]} 9. Nbd2
{[%clk 01:33:32]} {[%emt 00:00:17]} g5 {[%clk 01:32:47]} {[%emt 00:00:19]} 10.
b4 {[%clk 01:21:29]} {[%emt 00:12:34]} Nh7 {[%clk 01:32:46]} {[%emt 00:00:30]}
11. Nf1 {[%clk 01:19:24]} {[%emt 00:02:35]} g4 {[%clk 01:29:13]} {[%emt
00:04:03]} 12. N3d2 {[%clk 01:19:08]} {[%emt 00:00:45]} h5 {[%clk 01:28:20]}
{[%emt 00:01:24]} 13. Ne3 {[%clk 01:16:07]} {[%emt 00:03:32]} Qf6 {[%clk
01:24:08]} {[%emt 00:04:41]} 14. Nd5 {[%clk 00:58:09]} {[%emt 00:18:28]} Bxf2+
{[%clk 01:12:31]} {[%emt 00:12:08]} 15. Kf1 {[%clk 00:47:20]} {[%emt 00:11:19]}
Qh4 {[%clk 01:12:38]} {[%emt 00:00:22]} 16. Nxc7+ {[%clk 00:46:04]} {[%emt
00:01:46]} Kd8 {[%clk 01:13:04]} {[%emt 00:00:04]} 17. Nxa8 {[%clk 00:46:28]}
{[%emt 00:00:06]} Ba7 {[%clk 00:51:52]} {[%emt 00:21:42]} 18. d4 {[%clk
00:46:56]} {[%emt 00:00:02]} exd4 {[%clk 00:49:32]} {[%emt 00:02:50]} 19. Kg1
{[%clk 00:33:28]} {[%emt 00:13:58]} d3+ {[%clk 00:38:18]} {[%emt 00:11:44]} 20.
Kh1 {[%clk 00:33:52]} {[%emt 00:00:06]} Bf2 {[%clk 00:38:46]} {[%emt 00:00:01]}
21. Nf1 {[%clk 00:29:48]} {[%emt 00:04:35]} Bxe1 {[%clk 00:39:06]} {[%emt
00:00:11]} 22. g3 {[%clk 00:26:12]} {[%emt 00:04:06]} Qf6 {[%clk 00:39:32]}
{[%emt 00:00:04]} 23. Qxe1 {[%clk 00:26:13]} {[%emt 00:00:28]} Ne5 {[%clk
00:39:58]} {[%emt 00:00:04]} 24. Nb6 {[%clk 00:21:19]} {[%emt 00:05:24]} Be6
{[%clk 00:38:02]} {[%emt 00:02:26]} 25. Bf4 {[%clk 00:14:11]} {[%emt 00:07:38]}
Nxc4 {[%clk 00:38:06]} {[%emt 00:00:26]} 26. Nxc4 {[%clk 00:14:17]} {[%emt
00:00:24]} Bxc4 {[%clk 00:38:33]} {[%emt 00:00:03]} 27. Qe3 {[%clk 00:11:32]}
{[%emt 00:03:15]} Kd7 {[%clk 00:32:46]} {[%emt 00:06:18]} 28. Qb6 {[%clk
00:08:49]} {[%emt 00:03:13]} Rc8 {[%clk 00:33:10]} {[%emt 00:00:05]} 29. Nd2
{[%clk 00:08:13]} {[%emt 00:01:06]} Qxc3 {[%clk 00:29:48]} {[%emt 00:03:52]} 30.
Rf1 {[%clk 00:07:03]} {[%emt 00:01:40]} Be6 {[%clk 00:29:10]} {[%emt 00:01:09]}
31. Qxb7+ {[%clk 00:06:40]} {[%emt 00:00:53]} Rc7 {[%clk 00:25:08]} {[%emt
00:04:32]} 32. Qxa6 {[%clk 00:07:04]} {[%emt 00:00:06]} Qxb4 {[%clk 00:25:30]}
{[%emt 00:00:07]} 33. Rb1 {[%clk 00:05:50]} {[%emt 00:01:44]} Qd4 {[%clk
00:25:07]} {[%emt 00:00:53]} 34. Qb5+ {[%clk 00:01:47]} {[%emt 00:04:33]}
1/2-1/2